Moje čítanie šlabikár pre 2. ročník špeciálnych základných škôl (variant A) a pre 4.-6. ročník špeciálnych základných škôl (variant B) 2. časť

Bibliographic Details
Main Authors: Škultétyová, Silvia (Author), Rohovská, Jana (Author)
Other Authors: Dicová-Ondrejková, Jarmila, 1940- (Illustrator)
Format: Book
Language:Slovak
PhysicalDescription:55 s. fareb. ilustr. 30 cm
Published: Bratislava Slovenské pedagogické nakladateľstvo 2009
ISBN:9788010016082
Edition:7. vyd.
Subjects:

MARC

LEADER 00000nam a2200000 a 4500
001 vtls009530646
003 SK-MaSNL
005 20260301024852.0
008 240318s2009 xo a c 000 0 slo
015 |a SNBA2009/07-03664 
020 |a 9788010016082  |q (brož.) 
035 |a 19B50B09-5B46-4C5D-90BC-675E16D2994A 
035 |a urn:nbn:sk:snk-amjw50 
035 |a urn:nbn:sk:snk-am007yub 
040 |a SNK  |b slo  |c SNK  |e AACR2 
041 0 |a slo 
044 |a xo  |c SK 
072 7 |a 028  |x Čítanie  |2 konspekt 
072 7 |a 37.016  |x Učebné osnovy. Vyučovacie predmety. Učebnice  |2 konspekt 
080 |a 37.016:028-028.31  |2 2001 
080 |a (075.2)  |2 2001 
100 1 |a Škultétyová, Silvia  |4 aut  |9 225292 
245 1 0 |a Moje čítanie  |b šlabikár pre 2. ročník špeciálnych základných škôl (variant A) a pre 4.-6. ročník špeciálnych základných škôl (variant B)  |n 2. časť  |c Silvia Škultétyová, Jana Rohovská ; [ilustrovala Jarmila Dicová-Ondrejková] 
250 |a 7. vyd. 
260 |a Bratislava  |b Slovenské pedagogické nakladateľstvo  |c 2009 
300 |a 55 s.  |b fareb. ilustr.  |c 30 cm 
650 0 7 |a čítanie  |2 SNKPH  |9 1654 
651 7 |a Reading (Anglicko)  |2 SNKPHeng  |9 183410 
655 7 |a učebnice špeciálnych základných škôl  |2 SNKPH  |9 70204 
655 7 |a Textbooks (elementary)  |2 SNKPHeng  |9 276977 
700 1 |a Rohovská, Jana  |4 aut  |9 46569 
700 1 |a Dicová-Ondrejková, Jarmila,  |d 1940-  |4 ill  |9 98160 
919 |a 978-80-10-01608-2 
968 |d 37 
999 |c 572000  |d 573930 
952 |a SNK  |b SNK  |y PREZ  |7 0  |p 17A0624638  |o snkSB 74778/2  |i snk2009/11768  |8 0  |0 0  |1 0  |4 0  |d 2009-06-26  |f 1  |l 0  |r 2025-04-25 00:00:00  |w 2026-02-23 
952 |a SNK  |b SNK  |y VYP  |7 0  |p 17A0624637  |o snkSB 74778/2 D1  |i snk2009/11770  |8 0  |0 0  |1 0  |4 0  |d 2009-06-26  |l 0  |r 2016-06-30 00:00:00  |w 2026-02-23